000 00628nam a22001937a 4500
003 SISC
005 20160406131024.0
008 140429b xxu||||| |||| 00| 0 eng d
020 _a9710824864
050 _aHD 57.7
_b.B56 1985
100 _aBlanchard, Kenneth.
245 _aLeadership and the one minute manager :
_bincreasing effectiveness through situational leadership /
_cKenneth Blanchard, Patricia Zigarmi, Drea Zigarmi.
260 _aMandaluyong City :
_bNational Bookstore,
_c1985.
300 _a111 p. :
_bill. ;
_c22 cm.
650 _aLeadership.
650 _aManagement.
942 _2lcc
_cBK
999 _c115562
_d115562